PRESENZA PASTORALE. DICEMBRE 1991. CHRISTIFIDELES LAICI. (Record n. 321589)

Dettagli MARC
000 -LEADER
fixed length control field 01631nas a2200277Ia 4500
001 - CONTROL NUMBER
control field R250-R3490
003 - CONTROL NUMBER IDENTIFIER
control field IT-CnALBA
008 - FIXED-LENGTH DATA ELEMENTS--GENERAL INFORMATION
fixed length control field 170116c99999999xx |||||||||||| ||und||
040 ## - CATALOGING SOURCE
Original cataloging agency IT-CnALBA
Transcribing agency IT-CnALBA
041 ## - LANGUAGE CODE
Language code of text/sound track or separate title ITALIANO
999 ## - SYSTEM CONTROL NUMBERS (KOHA)
Koha Dewey Subclass [OBSOLETE] NO
100 ## - MAIN ENTRY--PERSONAL NAME
Personal name SEMERARO MARCELLO
210 ## - ABBREVIATED TITLE
Abbreviated title PRESENZA PASTORALE
222 ## - KEY TITLE
Key title PRESENZA PASTORALE
245 #0 - TITLE STATEMENT
Title PRESENZA PASTORALE. DICEMBRE 1991. CHRISTIFIDELES LAICI.
250 ## - EDITION STATEMENT
Edition statement 1a ed.
260 ## - PUBLICATION, DISTRIBUTION, ETC. (IMPRINT)
Place of publication, distribution, etc. ROMA
Name of publisher, distributor, etc. AVE, ANONIMA VERITA'S EDITRICE
Date of publication, distribution, etc. 1991 [1° Ed.:1991 - Ed.Ling.Originale: 1991]
300 ## - PHYSICAL DESCRIPTION
Extent 110 p.
310 ## - CURRENT PUBLICATION FREQUENCY
Current publication frequency MENSILE
362 ## - DATES OF PUBLICATION AND/OR SEQUENTIAL DESIGNATION
Dates of publication and/or sequential designation Fascicolo: 12 / Anno: 61 (1991)
500 ## - GENERAL NOTE
General note FORMAZIONE DEI LAICI. MARIANI T. ARCAGNI A. GERVASIO G. DE GIORGI S. SANGUINETTI S. VOCAZIONE FORMAZIONE MISSIONE DEI LAICI. EDUCAZIONE E FORMAZIONE PERMANENTE. FORMAZIONE INTEGRALE PER L'UNITÀ DI VITA. CHIESA LUOGO PRIMARIO DELLA FORMAZIONE. ASSOCIAZIONI, AZIONE CATTOLICA. DIALOGO TRA SACERDOTI E LAICI. FORMAZIONE LAICALE DEI RAGAZZI. ANZIANI E VOCAZIONI. MALATI E SOFFERENTI NELLA CHIESA.
501 ## - WITH NOTE
With note Società San Paolo EM - Piazza San Paolo, 14 - 12051 ALBA (CN) (non commercial uses only) ® Copyright 2017
520 ## - SUMMARY, ETC.
Summary, etc. FORMAZIONE DEI LAICI. MARIANI T. ARCAGNI A. GERVASIO G. DE GIORGI S. SANGUINETTI S. VOCAZIONE FORMAZIONE MISSIONE DEI LAICI. EDUCAZIONE E FORMAZIONE PERMANENTE. FORMAZIONE INTEGRALE PER L'UNITÀ DI VITA. CHIESA LUOGO PRIMARIO DELLA FORMAZIONE. ASSOCIAZIONI, AZIONE CATTOLICA. DIALOGO TRA SACERDOTI E LAICI. FORMAZIONE LAICALE DEI RAGAZZI. ANZIANI E VOCAZIONI. MALATI E SOFFERENTI NELLA CHIESA.
650 ## - SUBJECT ADDED ENTRY--TOPICAL TERM
Topical term or geographic name as entry element TEOLOGIA PASTORALE
942 ## - ADDED ENTRY ELEMENTS (KOHA)
Koha item type RIVISTA
957 ## -
-- 1
999 ## - SYSTEM CONTROL NUMBERS (KOHA)
-- 1
Dati di copia
Withdrawn status Lost status Damaged status Not for loan Home library Current library Date acquired Total Checkouts Full call number Date last seen Price effective from Koha item type Public note
    Buone Condizioni Not For Loan ALBA - Biblioteca ALBA - Biblioteca 16/01/2017   R250-R3490 16/01/2017 16/01/2017 RIVISTA (data import: 16 gennaio 2017) - By Epidotti, Vaglietti.
CREDITS: SOCIETA' SAN PAOLO Via A.Severo, 58 - ROMA (RM) & PERIODICI SAN PAOLO SRL Via Giotto, 36 MILANO & CISF Via Giotto, 36 MILANO & EDIZIONI SAN PAOLO SRL,  Piazza Soncino, 5 CINISELLO BALSAMO (MI) -- ITALY